Cent anys de protecció del massís del Montseny : els antecedents històrics de la creació del Parc Natural i Reserva de la Biosfera del Montseny els antecedents històrics de la creació del Parc Natural i Reserva de la Biosfera del Montseny
Descripción Física:
130 p. : il. col. ; 21 cm
Otros Autores:
Girona. Diputació
Materias:
Natura -- Protecció -- Montseny
MARC
| LEADER | 00000nam a2200000Ia 4500 | ||
|---|---|---|---|
| 001 | 24008 | ||
| 008 | 160829s2014 xx 000 0 cat d | ||
| 080 | |a Bib-139 | ||
| 245 | |a Cent anys de protecció del massís del Montseny : |b els antecedents històrics de la creació del Parc Natural i Reserva de la Biosfera del Montseny | ||
| 260 | |a Barcelona : |b Diputació de Barcelona, |c 2014 | ||
| 300 | |a 130 p. : |b il. col. ; |c 21 cm | ||
| 590 | |a S'ha utilitzat el fons de l'Arxiu General de la Diputació de Barcelona | ||
| 650 | |a Natura -- Protecció -- Montseny |9 49489 | ||
| 700 | |a Girona. Diputació | ||
| 710 | 1 | |a Barcelona (Catalunya : Província). |b Diputació |9 52408 | |
| 901 | |a Arxiu | ||
| 942 | |n 1 | ||
| 952 | |0 0 |1 0 |4 0 |6 BIB139 |7 1 |9 55396 |a Arxiu |b Arxiu |d 2016-12-01 |l 0 |o Bib-139 |p 24008 |r 2016-12-01 00:00:00 |w 2016-12-01 |y ARXIU | ||
| 999 | |c 59269 |d 59269 | ||